[Event "TCh-TUR 2nd League 2011"]
[Site "Konya TUR"]
[Date "2011.07.08"]
[Round "7"]
[White "Annaberdiev, Meilis"]
[Black "Onischuk, Vladimir"]
[Result "0-1"]
[WhiteTitle "IM"]
[BlackTitle "IM"]
[WhiteElo "2459"]
[BlackElo "2490"]
[WhiteTeam "Akdeniz Belediyesi Mersin"]
[BlackTeam "Ankara Demir"]
[WhiteFideId "14000563"]
[BlackFideId "14114038"]
[EventDate "2011.07.04"]

1. d4 Nf6 2. Nf3 g6 3. Bg5 Bg7 4. Nbd2 O-O 5. e4 d6 6. c3 Nbd7 7. Bc4 e5 8. O-O
h6 9. Bh4 Qe7 10. Re1 Re8 11. a4 a5 12. Qc2 Qf8 13. dxe5 dxe5 14. Bb5 Nh5 15.
Rad1 c6 16. Bf1 Nc5 17. Ra1 g5 18. Bg3 f5 19. exf5 Bxf5 20. Ne4 Nxe4 21. Rxe4
Kh8 22. Qe2 Nf4 23. Qe1 Bxe4 24. Qxe4 Rad8 25. Re1 Qd6 26. Bc4 Nd3 27. Re2 Nc5
28. Qg4 Qd7 29. Qh5 e4 30. Rd2 exf3 31. Rxd7 Re1+ 32. Bf1 Nxd7 33. gxf3 Nf6 34.
Qh3 Rdd1 35. Qc8+ Kh7 36. Qf5+ Kg8 37. Qc8+ Kf7 38. Qxb7+ Kg6 39. Qxc6 Rxf1+ 40.
Kg2 Rg1+ 41. Kh3 h5 42. f4 g4+ 43. Kh4 Rd5 44. b4 axb4 45. cxb4 Bh6 46. b5 Rf5
47. Qc2 Bf8 48. Qe2 Ra1 49. f3 Rxa4 50. Qc2 Be7 51. fxg4 hxg4 52. h3 Nd5+ 0-1

[Event "TCh-TUR 2nd League 2011"]
[Site "Konya TUR"]
[Date "2011.07.08"]
[Round "7"]
[White "Uzunoglu, Efe Kerem"]
[Black "Mikadze, Miranda"]
[Result "1/2-1/2"]
[BlackTitle "WIM"]
[WhiteElo "2064"]
[BlackElo "2345"]
[WhiteTeam "Ankara Demir"]
[BlackTeam "Akdeniz Belediyesi Mersin"]
[WhiteFideId "6306276"]
[BlackFideId "13603108"]
[EventDate "2011.07.04"]

1. d4 d5 2. Bf4 c6 3. e3 Qb6 4. Qc1 Bf5 5. Nf3 Nd7 6. Be2 Ngf6 7. h3 h6 8. O-O
e6 9. c4 Be7 10. c5 Qd8 11. b4 a6 12. Nc3 Ne4 13. a4 Bf6 14. Ra3 O-O 15. Rd1 Re8
16. Bf1 e5 17. Bh2 exd4 18. exd4 Ng5 19. Nxg5 hxg5 20. b5 axb5 21. axb5 Rxa3 22.
Qxa3 Qa8 23. Qb4 g4 24. hxg4 Bxg4 25. f3 Bf5 26. Bg3 Nf8 27. Bf2 Ne6 28. Na4 Nf4
29. Nb6 Qd8 30. Ra1 Nd3 31. Bxd3 Bxd3 32. bxc6 bxc6 33. Ra8 Qe7 34. Rxe8+ Qxe8
35. Qd2 Bb5 36. Qf4 Qe2 37. Qb8+ Kh7 38. Qh2+ Kg8 39. Qb8+ Kh7 40. Qh2+ 1/2-1/2

[Event "TCh-TUR 2nd League 2011"]
[Site "Konya TUR"]
[Date "2011.07.08"]
[Round "7"]
[White "Dogan, Nazmi Can"]
[Black "Ahmedov, Ziya"]
[Result "1-0"]
[WhiteElo "2093"]
[BlackElo "2045"]
[WhiteTeam "Akdeniz Belediyesi Mersin"]
[BlackTeam "Ankara Demir"]
[WhiteFideId "6309658"]
[BlackFideId "6309259"]
[EventDate "2011.07.04"]

1. Nf3 f5 2. c4 Nf6 3. g3 b6 4. Bg2 Bb7 5. O-O e6 6. Nc3 Be7 7. d4 Ne4 8. Nxe4
Bxe4 9. d5 Bf6 10. Qb3 O-O 11. Rd1 Qe7 12. Bf1 exd5 13. cxd5 Bxf3 14. d6+ Qe6
15. Qxf3 Nc6 16. dxc7 Rac8 17. Qa3 Be5 18. Bg2 Kh8 19. Bf4 Bxf4 20. gxf4 Rf6 21.
Rac1 Rxc7 22. b4 Rc8 23. b5 Ne7 24. Qxe7 Qxe7 25. Rxc8+ Rf8 26. Rxd7 Qf6 27.
Rxf8+ 1-0

[Event "TCh-TUR 2nd League 2011"]
[Site "Konya TUR"]
[Date "2011.07.08"]
[Round "7"]
[White "Sari, Serdar"]
[Black "Gurel, Ahmet Unal"]
[Result "1-0"]
[WhiteElo "2032"]
[BlackElo "2019"]
[WhiteTeam "Ankara Demir"]
[BlackTeam "Akdeniz Belediyesi Mersin"]
[WhiteFideId "6302858"]
[BlackFideId "6307400"]
[EventDate "2011.07.04"]

1. e4 e5 2. Nf3 Nc6 3. Bc4 Nf6 4. d3 Bc5 5. Bg5 d6 6. Nbd2 Na5 7. c3 Nxc4 8.
Nxc4 Be6 9. b4 Bxc4 10. bxc5 Ba6 11. O-O O-O 12. Re1 dxc5 13. Nxe5 Qd6 14. Bxf6
gxf6 15. Ng4 f5 16. e5 Qg6 17. Nf6+ Kh8 18. Re3 f4 19. Rh3 h6 20. Qf3 Rg8 21.
Nxg8 Rxg8 22. Rd1 Bb5 23. g3 Bd7 24. Rh4 Bg4 25. Qxf4 Kh7 26. f3 Be6 27. Rd2 Rd8
28. Qe3 b6 29. Rf4 Rg8 30. Rf6 Qg5 31. f4 Qh5 32. Qe4+ Kh8 33. f5 Bc8 34. Qf4
Kh7 35. e6 fxe6 36. fxe6 1-0

[Event "TCh-TUR 2nd League 2011"]
[Site "Konya TUR"]
[Date "2011.07.08"]
[Round "7"]
[White "Kaya, Emel"]
[Black "Kadimova, Ilaha"]
[Result "0-1"]
[WhiteTitle "WCM"]
[BlackTitle "WGM"]
[WhiteElo "2024"]
[BlackElo "2331"]
[WhiteTeam "Akdeniz Belediyesi Mersin"]
[BlackTeam "Ankara Demir"]
[WhiteFideId "6306411"]
[BlackFideId "13400045"]
[EventDate "2011.07.04"]

1. e4 c6 2. c4 d5 3. exd5 cxd5 4. cxd5 Nf6 5. Bb5+ Nbd7 6. Nc3 g6 7. Nf3 Bg7 8.
d6 exd6 9. Qe2+ Qe7 10. Qxe7+ Kxe7 11. O-O Nb6 12. Re1+ Be6 13. d4 h6 14. Bd3
Nbd5 15. Be3 Rac8 16. Rac1 a6 17. Nd2 Kd7 18. a4 Rc7 19. Nxd5 Nxd5 20. Rxc7+
Kxc7 21. Rc1+ Kd7 22. Ne4 Bf5 23. Bc2 Re8 24. Nc3 Nxe3 25. fxe3 Bxc2 26. Rxc2
Rxe3 27. Nd5 Re4 28. Rc7+ Ke6 29. Nc3 Bxd4+ 30. Kf1 Rf4+ 31. Ke1 b6 32. b3 Bc5
33. Rc8 Rb4 34. Re8+ Kd7 35. Rf8 Rxb3 36. Ne4 Re3+ 0-1

[Event "TCh-TUR 2nd League 2011"]
[Site "Konya TUR"]
[Date "2011.07.08"]
[Round "7"]
[White "Bayrak, Kaan Baris"]
[Black "Okay, Arda Efe"]
[Result "0-1"]
[WhiteElo "1825"]
[BlackElo "1948"]
[WhiteTeam "Ankara Demir"]
[BlackTeam "Akdeniz Belediyesi Mersin"]
[WhiteFideId "6327907"]
[BlackFideId "6310109"]
[EventDate "2011.07.04"]

1. e4 c6 2. d4 d5 3. exd5 cxd5 4. c4 Nf6 5. Nc3 e6 6. c5 Be7 7. Nf3 b6 8. b4 a5
9. Na4 Nbd7 10. Bb5 O-O 11. O-O axb4 12. c6 Nb8 13. Bf4 Bd6 14. Bxd6 Qxd6 15.
Ne5 Ra5 16. Qd3 Qc7 17. Rfc1 Ne4 18. Nd7 Bxd7 19. cxd7 Qb7 20. Nb2 Nc3 21. a4
Nxd7 22. Nd1 Nxb5 23. axb5 Rc8 24. Nb2 Rc3 25. Qd2 Qc7 0-1

[Event "TCh-TUR 2nd League 2011"]
[Site "Konya TUR"]
[Date "2011.07.08"]
[Round "7"]
[White "Okay, Ilkin Ege"]
[Black "Karabayir, Mustafa Yilmaz"]
[Result "1/2-1/2"]
[WhiteElo "1977"]
[BlackElo "1881"]
[WhiteTeam "Akdeniz Belediyesi Mersin"]
[BlackTeam "Ankara Demir"]
[WhiteFideId "6310117"]
[BlackFideId "6300090"]
[EventDate "2011.07.04"]

1. e4 e5 2. Nf3 Nf6 3. Nxe5 d6 4. Nf3 Nxe4 5. Nc3 Nxc3 6. dxc3 Be7 7. Bf4 O-O 8.
Qd2 Nd7 9. O-O-O Nc5 10. Be3 c6 11. Bxc5 dxc5 12. Qf4 Qa5 13. a3 Be6 14. h4 Rad8
15. Ng5 Rxd1+ 16. Kxd1 Qd8+ 17. Kc1 Qd5 18. Bd3 h6 19. Nxe6 Qxe6 20. Qf5 Qxf5
21. Bxf5 Rd8 22. g3 Kf8 23. Rd1 Ke8 24. c4 Rxd1+ 25. Kxd1 Bf6 26. c3 Ke7 27. Bc8
b6 28. Kc2 Kd6 29. Kd3 g6 30. Bh3 h5 31. f4 Be7 32. Bg2 1/2-1/2

[Event "TCh-TUR 2nd League 2011"]
[Site "Konya TUR"]
[Date "2011.07.09"]
[Round "8"]
[White "Zhigalko, Sergei"]
[Black "Safarli, Eltaj"]
[Result "1-0"]
[WhiteTitle "GM"]
[BlackTitle "GM"]
[WhiteElo "2689"]
[BlackElo "2622"]
[WhiteTeam "Kahramanmaras Belediye"]
[BlackTeam "Antalya Calli Antalya"]
[WhiteFideId "13502956"]
[BlackFideId "13402129"]
[EventDate "2011.07.04"]

1. e4 c5 2. Nf3 Nc6 3. d4 cxd4 4. Nxd4 Nf6 5. Nc3 e6 6. Ndb5 Bb4 7. a3 Bxc3+ 8.
Nxc3 d5 9. exd5 exd5 10. Bd3 O-O 11. O-O d4 12. Ne2 Qd5 13. Nf4 Qd6 14. Nh5 Nxh5
15. Qxh5 h6 16. Re1 Bd7 17. Re4 Rae8 18. Bf4 Qf6 19. Qd5 Rd8 20. Bc7 Bf5 21.
Bxd8 Rxd8 22. Qb3 Bxe4 23. Bxe4 Re8 24. f3 Re7 25. Rd1 g6 26. Qc4 Qf4 27. h3 Qg3
28. b4 h5 29. Kf1 Qh2 30. Kf2 Qf4 31. Qd3 Ne5 32. Qxd4 Rd7 33. Bd5 Qxd4+ 34.
Rxd4 Kf8 35. Ke3 Rc7 36. c4 b6 37. f4 Nd7 38. h4 Nf6 39. Bf3 Ke7 40. Kd3 Ne8 41.
f5 Nd6 42. fxg6 fxg6 43. Be4 Nf5 44. Rd5 Ke6 45. g3 Nd6 46. c5 Nxe4 47. Kxe4
bxc5 48. Rxc5 Rd7 49. Rc6+ Kf7 50. Ra6 Rb7 51. Kd5 Re7 52. b5 Rd7+ 53. Kc4 Rc7+
54. Kb4 1-0

[Event "TCh-TUR 2nd League 2011"]
[Site "Konya TUR"]
[Date "2011.07.09"]
[Round "8"]
[White "Rasulov, Vugar Ural oglu"]
[Black "Isik, Engin Yasar"]
[Result "1-0"]
[WhiteTitle "GM"]
[WhiteElo "2522"]
[BlackElo "2215"]
[WhiteTeam "Antalya Calli Antalya"]
[BlackTeam "Kahramanmaras Belediye"]
[WhiteFideId "13402390"]
[BlackFideId "6301886"]
[EventDate "2011.07.04"]

1. e4 e6 2. d4 d5 3. Nd2 Nf6 4. e5 Nfd7 5. c3 c5 6. f4 Nc6 7. Ndf3 Qb6 8. a3 Be7
9. g3 cxd4 10. cxd4 f6 11. Bh3 O-O 12. Qd3 Kh8 13. b4 fxe5 14. fxe5 a5 15. b5
Nxd4 16. Qxd4 Bc5 17. Qb2 Bxg1 18. Nxg1 Nc5 19. Qe2 Bd7 20. Be3 Bxb5 21. Rb1
Nd3+ 22. Qxd3 Bxd3 23. Rxb6 Be4 24. Bxe6 Bxh1 25. Bd7 d4 26. Bxd4 Bc6 27. Bxc6
bxc6 28. Rxc6 Rad8 29. Ne2 Rf3 30. Rc3 Rxc3 31. Bxc3 Rd5 32. Nf4 Rc5 33. Kd2 Kg8
34. h4 g6 35. Kd3 a4 36. Kd4 Rb5 37. Nd5 Rb1 38. e6 1-0

[Event "TCh-TUR 2nd League 2011"]
[Site "Konya TUR"]
[Date "2011.07.09"]
[Round "8"]
[White "Ozturk, Emir"]
[Black "Firat, Burak"]
[Result "1-0"]
[BlackTitle "IM"]
[WhiteElo "2190"]
[BlackElo "2373"]
[WhiteTeam "Kahramanmaras Belediye"]
[BlackTeam "Antalya Calli Antalya"]
[WhiteFideId "6302408"]
[BlackFideId "6305881"]
[EventDate "2011.07.04"]

1. d4 Nf6 2. c4 c6 3. Nf3 d5 4. Qc2 e6 5. g3 Nbd7 6. Bg2 Be7 7. O-O O-O 8. b3 b6
9. Rd1 Bb7 10. Nbd2 c5 11. Bb2 Rc8 12. dxc5 Bxc5 13. e3 b5 14. Qb1 bxc4 15. bxc4
Ba6 16. cxd5 Nxd5 17. e4 N5b6 18. Nb3 Be7 19. Na5 Na4 20. Nb3 Qc7 21. Rc1 Qb7
22. Bd4 Qb4 23. Rxc8 Rxc8 24. Qe1 Nc3 25. Bxa7 Nxe4 26. Nfd4 Qxe1+ 27. Rxe1 Nc3
28. a3 Kf8 29. f4 g6 30. Kf2 Nf6 31. Bf3 Nfd5 32. Ra1 Kg8 33. a4 Rc7 34. Nb5
Nxb5 35. axb5 Bxb5 36. Bd4 f6 37. Rc1 Rxc1 38. Nxc1 Bc4 39. Ne2 Kf7 40. Be4 Bd6
41. Nc3 Ne7 42. Kf3 Bb4 43. Nd1 Bd5 44. Ne3 f5 45. Bxd5 exd5 46. Nc2 Nc6 47. Bb6
Bc3 48. Ke3 Ke6 49. Bc5 Kd7 50. h3 Nd8 51. Kd3 Ba5 52. Bd4 Ne6 53. Be5 Bc7 54.
Bc3 Bb6 55. Be5 Bc5 56. Ke2 Kc6 57. Ne1 d4 58. Kd3 Kd5 59. Nc2 g5 60. Bb8 h6 61.
Ne1 Bb6 62. fxg5 hxg5 63. h4 gxh4 64. gxh4 Nc5+ 65. Ke2 Ke4 66. h5 d3+ 67. Kd1
Na4 68. h6 Nb2+ 69. Kc1 Be3+ 70. Kxb2 d2 1-0

[Event "TCh-TUR 2nd League 2011"]
[Site "Konya TUR"]
[Date "2011.07.09"]
[Round "8"]
[White "Savina, Anastasia"]
[Black "Yildiz, Betul Cemre"]
[Result "1/2-1/2"]
[WhiteTitle "WGM"]
[BlackTitle "WIM"]
[WhiteElo "2398"]
[BlackElo "2282"]
[WhiteTeam "Kahramanmaras Belediye"]
[BlackTeam "Antalya Calli Antalya"]
[WhiteFideId "4196872"]
[BlackFideId "6302920"]
[EventDate "2011.07.04"]

1. d4 d5 2. c4 dxc4 3. e3 e5 4. Bxc4 exd4 5. exd4 Bd6 6. Nf3 Nf6 7. O-O O-O 8.
Nc3 Nc6 9. Bg5 h6 10. Bh4 Bg4 11. Re1 a6 12. Qd3 Bxf3 13. gxf3 Na5 14. Nd5 Nxc4
15. Nxf6+ gxf6 16. Qxc4 Qd7 17. Kh1 Qf5 18. Rg1+ Kh8 19. Qd5 Qf4 20. Bg3 Qg5 21.
Be5 Qf5 22. Qe4 Qe6 23. Qg4 Rg8 24. Qxe6 fxe6 25. Bxf6+ Kh7 26. Rae1 Rae8 27.
Rxg8 Kxg8 28. Be5 Bxe5 29. Rxe5 Kf7 30. Re4 Rd8 31. Kg2 Rd5 32. Kg3 Rg5+ 33. Rg4
Ra5 34. a3 Rb5 35. b4 a5 36. bxa5 Rxa5 37. Rh4 Kg6 38. Re4 Kf6 39. Re3 Rd5 40.
Rc3 c6 41. Rb3 b5 42. Rc3 Rxd4 43. Rxc6 Ra4 44. Rc5 Rxa3 45. Rxb5 Ra2 46. h4 Rc2
47. f4 Ra2 48. Kf3 Rc2 49. Rh5 Kg6 50. Re5 Kf6 51. Ra5 Rb2 52. Ra7 Rc2 53. h5
Rc3+ 54. Kg4 Rc2 55. Kg3 Rc5 56. Kg4 Rc2 57. Rh7 Rxf2 58. Rxh6+ Kf7 59. Rh8 Rg2+
60. Kf3 Rh2 61. h6 Kg6 62. Ke4 Re2+ 63. Kd3 Rf2 64. Ke3 Rh2 65. Kd4 Rf2 66. Ke5
Re2+ 67. Kd6 Re4 68. Re8 Rxf4 69. Rxe6+ Rf6 1/2-1/2

[Event "TCh-TUR 2nd League 2011"]
[Site "Konya TUR"]
[Date "2011.07.09"]
[Round "8"]
[White "Sipahioglu, Irmak"]
[Black "Metin, Oguz"]
[Result "1-0"]
[WhiteElo "2092"]
[BlackElo "2002"]
[WhiteTeam "Antalya Calli Antalya"]
[BlackTeam "Kahramanmaras Belediye"]
[WhiteFideId "6307205"]
[BlackFideId "6307850"]
[EventDate "2011.07.04"]

1. d4 d5 2. c4 c6 3. Nc3 Nf6 4. Nf3 dxc4 5. a4 Bf5 6. e3 e6 7. Bxc4 Bb4 8. O-O
O-O 9. Qe2 Nbd7 10. e4 Bg6 11. Bd3 Be7 12. Bf4 a5 13. Rfd1 Re8 14. Rac1 Bb4 15.
h3 Nb6 16. Bg5 Be7 17. Be3 Bb4 18. Bg5 Be7 19. Bf4 Bb4 20. Qc2 Rc8 21. Ne5 Nh5
22. Be3 Nd7 23. Nxg6 hxg6 24. e5 Qh4 25. g4 c5 26. Bb5 cxd4 27. Rxd4 Nxe5 28.
Qe4 Rc5 29. gxh5 Qxh3 30. Be2 Rec8 31. hxg6 Nxg6 32. Qxb7 Nh4 33. Qe4 Re5 34.
Qxh4 Rxe3 35. Qxh3 Rxh3 36. Kg2 Rh6 37. Na2 Rxc1 38. Nxc1 Rf6 39. Nd3 Be7 40.
Rd7 Kf8 41. Rb7 g6 42. Bg4 Bd6 43. Rb5 Bc7 44. Nc5 Rf4 45. Bxe6 Ke7 46. Bd5 Rg4+
47. Kf3 Rd4 48. Bb3 f5 49. Ne6 Rd3+ 50. Ke2 Rd7 51. Nxc7 Rxc7 52. Rxa5 Kf6 53.
Rb5 Kg5 54. a5 Kf4 55. Rb4+ Ke5 56. a6 Ra7 57. Bc4 Kd4 58. b3 1-0

[Event "TCh-TUR 2nd League 2011"]
[Site "Konya TUR"]
[Date "2011.07.09"]
[Round "8"]
[White "Ozdover, Mustafa Berkay"]
[Black "Tekeli, Taylan Can"]
[Result "1/2-1/2"]
[WhiteElo "1842"]
[BlackElo "1901"]
[WhiteTeam "Kahramanmaras Belediye"]
[BlackTeam "Antalya Calli Antalya"]
[WhiteFideId "6311482"]
[BlackFideId "6313191"]
[EventDate "2011.07.04"]

1. c4 f5 2. d4 Nf6 3. g3 e6 4. Bg2 d5 5. Nh3 c6 6. O-O Bd6 7. Qc2 O-O 8. Nc3 Kh8
9. Bf4 Nh5 10. Bxd6 Qxd6 11. c5 Qe7 12. f4 Bd7 13. b4 b6 14. Rab1 Nf6 15. Nf2
Be8 16. a4 Nbd7 17. Nd3 Bh5 18. Bf3 Rfc8 19. a5 b5 20. Qc1 a6 21. Qe3 Re8 22.
Ne5 Rac8 23. Rbe1 Rc7 24. Nd1 Bf7 25. Nf2 h5 26. h3 Nxe5 27. fxe5 Nh7 28. Nd3
Qg5 29. Qxg5 Nxg5 30. Nf4 g6 31. h4 Nh7 32. Kf2 Kg7 33. Ke3 Rg8 34. Rh1 Kf8 35.
Reg1 Re7 36. Kf2 Ke8 1/2-1/2

[Event "TCh-TUR 2nd League 2011"]
[Site "Konya TUR"]
[Date "2011.07.09"]
[Round "8"]
[White "Durmaz, Ayca Fatma"]
[Black "Dai, Irmak"]
[Result "1-0"]
[WhiteElo "1825"]
[BlackElo "1511"]
[WhiteTeam "Antalya Calli Antalya"]
[BlackTeam "Kahramanmaras Belediye"]
[WhiteFideId "6317855"]
[BlackFideId "6336426"]
[EventDate "2011.07.04"]

1. c4 c5 2. Nf3 Nf6 3. Nc3 d5 4. cxd5 Nxd5 5. g3 Nc7 6. Bg2 Nc6 7. O-O e5 8. d3
Be7 9. Nd2 Bd7 10. Qb3 Rb8 11. a4 O-O 12. Nc4 Nd4 13. Qa2 Be6 14. f4 exf4 15.
Bxf4 Qc8 16. b3 Bxc4 17. bxc4 Nde6 18. Bh3 Ra8 19. Nd5 Qd8 20. Nxe7+ Qxe7 21.
Bd2 b6 22. a5 Rab8 23. Bg2 Rfd8 24. Rab1 Ne8 25. axb6 axb6 26. Qa6 Qc7 27. Bd5
Nd6 28. Rb2 Ne8 29. Rfb1 Nf6 30. Bxe6 fxe6 31. Rxb6 Rxb6 32. Rxb6 e5 33. Bg5 Qc8
34. Qb5 Rf8 35. Rc6 Qa8 36. Ra6 Qc8 37. Be3 Qh3 38. Rxf6 Rxf6 39. Bf2 Qc8 40.
Qxc5 Qxc5 41. Bxc5 Rc6 42. Be3 Kf7 43. Kg2 Ke6 44. Kf3 Kf5 45. g4+ Ke6 46. Ke4
g6 47. h3 Rc8 48. Bh6 Rc5 49. Bf8 Rc8 50. Bg7 Rc5 51. e3 Ra5 52. d4 exd4 53.
exd4 Ra3 54. d5+ Kf7 55. Be5 Rxh3 56. c5 Ra3 57. g5 Ra4+ 58. Bd4 Ke7 59. Ke5 Kd7
60. c6+ Kc7 61. Bc5 Ra8 62. Ke6 Re8+ 63. Be7 Ra8 64. Bd6+ Kd8 65. Be5 Ra7 66. d6
Kc8 67. d7+ Kd8 68. Bf6+ Kc7 69. d8=Q+ Kxc6 70. Qd5+ Kc7 71. Qd7+ Kb8 72. Be5+
Ka8 73. Qc8# 1-0

[Event "TCh-TUR 2nd League 2011"]
[Site "Konya TUR"]
[Date "2011.07.09"]
[Round "8"]
[White "Polatel, Levent"]
[Black "Alper, Metin"]
[Result "1/2-1/2"]
[WhiteElo "2068"]
[BlackElo "2033"]
[WhiteTeam "Moda Istanbul"]
[BlackTeam "Ceyhan Belediye Adana"]
[WhiteFideId "6303749"]
[BlackFideId "6302238"]
[EventDate "2011.07.04"]

1. Nf3 Nf6 2. g3 g6 3. Bg2 Bg7 4. O-O O-O 5. d4 d6 6. c4 Nc6 7. Nc3 e5 8. Bg5 h6
9. Bxf6 Qxf6 10. dxe5 dxe5 11. Nd5 Qd8 12. e4 1/2-1/2

[Event "TCh-TUR 2nd League 2011"]
[Site "Konya TUR"]
[Date "2011.07.09"]
[Round "8"]
[White "Kumkumoglu, Mehmet Baris"]
[Black "Tasdelen, Deniz Murat"]
[Result "1/2-1/2"]
[WhiteElo "2110"]
[BlackElo "2069"]
[WhiteTeam "Moda Istanbul"]
[BlackTeam "Ceyhan Belediye Adana"]
[WhiteFideId "6350852"]
[BlackFideId "6305946"]
[EventDate "2011.07.04"]

1. e4 c5 2. Nf3 d6 3. d4 cxd4 4. Qxd4 Nc6 5. Bb5 Bd7 6. Bxc6 Bxc6 7. O-O Nf6 8.
Re1 Nd7 9. c4 Qb6 10. Qxb6 Nxb6 11. b3 O-O-O 12. Nc3 g6 13. Bb2 Rg8 1/2-1/2

[Event "TCh-TUR 2nd League 2011"]
[Site "Konya TUR"]
[Date "2011.07.09"]
[Round "8"]
[White "Serin, Sarper"]
[Black "Yaran, Siar"]
[Result "1/2-1/2"]
[WhiteElo "1745"]
[BlackElo "1746"]
[WhiteTeam "Ceyhan Belediye Adana"]
[BlackTeam "Moda Istanbul"]
[WhiteFideId "6311709"]
[BlackFideId "6323006"]
[EventDate "2011.07.04"]

1. e4 e6 2. d4 d5 3. exd5 exd5 4. Bd3 Bd6 5. Nf3 Nf6 6. O-O O-O 7. h3 h6 8. Nc3
c6 9. Ne2 Re8 10. Bf4 Qc7 11. Bxd6 Qxd6 12. c3 Be6 13. Ng3 Nbd7 14. Re1 1/2-1/2

[Event "TCh-TUR 2nd League 2011"]
[Site "Konya TUR"]
[Date "2011.07.09"]
[Round "8"]
[White "Drenchev, Petar"]
[Black "Tregubov, Pavel V."]
[Result "1/2-1/2"]
[WhiteTitle "GM"]
[BlackTitle "GM"]
[WhiteElo "2523"]
[BlackElo "2602"]
[WhiteTeam "Dobruca Istanbul"]
[BlackTeam "Erbakir Denizli"]
[WhiteFideId "2903261"]
[BlackFideId "4115341"]
[EventDate "2011.07.04"]

1. d4 Nf6 2. c4 c5 3. d5 b5 4. cxb5 a6 5. bxa6 g6 6. Nc3 Bxa6 7. Nf3 d6 8. e4
Bxf1 9. Kxf1 Bg7 10. g3 O-O 11. Kg2 Nbd7 12. h3 Qa5 13. Re1 Nb6 14. e5 Nfd7 15.
Bg5 Nxe5 16. Nxe5 Bxe5 17. Bxe7 Rfe8 18. Rxe5 dxe5 19. d6 Qa7 20. Ne4 Rxe7 21.
dxe7 Qxe7 22. Qc2 c4 23. b3 Rc8 24. Rd1 Qb7 25. Kg1 cxb3 26. Qxb3 Qxe4 27. Qxb6
Kg7 28. Qa5 Rc2 29. Re1 Rxa2 30. Qxe5+ 1/2-1/2

[Event "TCh-TUR 2nd League 2011"]
[Site "Konya TUR"]
[Date "2011.07.09"]
[Round "8"]
[White "Karatekin, Tamer"]
[Black "Ozgur, Sercin"]
[Result "1-0"]
[WhiteTitle "FM"]
[WhiteElo "2263"]
[BlackElo "2190"]
[WhiteTeam "Erbakir Denizli"]
[BlackTeam "Dobruca Istanbul"]
[WhiteFideId "6301134"]
[BlackFideId "6300480"]
[EventDate "2011.07.04"]

1. c4 c5 2. Nc3 Nc6 3. Nf3 Nf6 4. g3 g6 5. Bg2 Bg7 6. d4 cxd4 7. Nxd4 O-O 8. O-O
Qb6 9. e3 Qb4 10. Qe2 Ne5 11. f4 Nc6 12. Ndb5 1-0

[Event "TCh-TUR 2nd League 2011"]
[Site "Konya TUR"]
[Date "2011.07.09"]
[Round "8"]
[White "Savas, Levent"]
[Black "Miyak, Burak"]
[Result "1-0"]
[WhiteElo "2123"]
[BlackElo "2151"]
[WhiteTeam "Dobruca Istanbul"]
[BlackTeam "Erbakir Denizli"]
[WhiteFideId "6300456"]
[BlackFideId "6300618"]
[EventDate "2011.07.04"]

1. Nf3 Nf6 2. c4 e6 3. g3 b6 4. Bg2 Bb7 5. O-O Be7 6. b3 c5 7. Bb2 d6 8. Nc3
Nbd7 9. e3 O-O 10. d4 Ne4 11. Nd2 Nxc3 12. Bxc3 Bxg2 13. Kxg2 cxd4 14. exd4 Rc8
15. Re1 d5 16. Qf3 Nf6 17. a4 Qc7 18. Rac1 Rfd8 19. h4 Ba3 20. Rc2 Bf8 21. g4
dxc4 22. bxc4 Qc6 23. Qxc6 Rxc6 24. g5 Nh5 25. Ra1 Nf4+ 26. Kf3 Ng6 27. h5 Ne7
28. a5 Nf5 29. axb6 axb6 30. Ke4 Nd6+ 31. Kd3 Rdc8 32. Bb2 Nf5 33. Ne4 Rd8 34.
Rd1 Nxd4 35. Bxd4 e5 36. Ke3 exd4+ 37. Rxd4 Re8 38. Kd3 f5 39. gxf6 gxf6 40. f4
Kf7 41. Ra2 Rc7 42. Ra6 Re6 43. Rd5 Rec6 44. Ra4 Be7 45. Nc3 Bc5 46. Rd8 Ke6 47.
Nd5 Rg7 48. Ke4 f5+ 49. Kf3 Bg1 50. Re8+ Kd6 51. Re5 Bh2 52. Rxf5 b5 53. c5+
Kxc5 54. Nc3+ Kd6 55. Nxb5+ Ke6 56. Nd4+ Kd6 57. Rf6+ Kd5 58. Nxc6 Rg3+ 59. Kf2
h6 60. Ne7+ Kc5 61. Rf5+ Kb6 62. Rb4+ Kc7 63. Nd5+ Kc6 64. Rb6+ Kc5 65. Rxh6 Kd4
66. Ne3 Rg8 67. Rd6+ Ke4 68. Re6+ Kd4 69. Rd5+ Kc3 70. Rc6+ Kb4 71. Nc2+ Ka4 72.
h6 Bxf4 73. h7 Rf8 74. Ke2 Bc1 75. Rh5 Bb2 76. Ra6+ Kb3 77. Rb6+ Kxc2 78. Rxb2+
Kc1 79. Rh1+ Kxb2 80. h8=Q+ 1-0

[Event "TCh-TUR 2nd League 2011"]
[Site "Konya TUR"]
[Date "2011.07.09"]
[Round "8"]
[White "Khurtsilava, Inga"]
[Black "Gurcan, Aytolun"]
[Result "1-0"]
[WhiteTitle "WIM"]
[WhiteElo "2289"]
[BlackElo "1673"]
[WhiteTeam "Dobruca Istanbul"]
[BlackTeam "Erbakir Denizli"]
[WhiteFideId "13600419"]
[BlackFideId "6325688"]
[EventDate "2011.07.04"]

1. d4 d5 2. Nf3 c6 3. e3 Nf6 4. Bd3 e6 5. Nbd2 Nbd7 6. b3 c5 7. Bb2 Be7 8. O-O
a6 9. Ne5 O-O 10. f4 b5 11. Nc6 Qe8 12. Nxe7+ Qxe7 13. dxc5 Nxc5 14. Nf3 Nce4
15. Qe1 Bb7 16. Qh4 Rfe8 17. g4 Nd7 18. Qh5 f6 19. g5 e5 20. fxe5 fxe5 21. Bxe4
dxe4 22. Nh4 Rf8 23. g6 h6 24. Nf5 Qg5+ 25. Qxg5 hxg5 26. Rad1 Rad8 27. Ne7+ Kh8
28. Rxf8+ Rxf8 29. Rxd7 1-0

[Event "TCh-TUR 2nd League 2011"]
[Site "Konya TUR"]
[Date "2011.07.09"]
[Round "8"]
[White "Ziaziulkina, Nastassia"]
[Black "Tahaoglu, Ugur Barkin"]
[Result "1-0"]
[WhiteTitle "WIM"]
[WhiteElo "2291"]
[BlackElo "1857"]
[WhiteTeam "Erbakir Denizli"]
[BlackTeam "Dobruca Istanbul"]
[WhiteFideId "13505211"]
[BlackFideId "6303331"]
[EventDate "2011.07.04"]

1. e4 c5 2. Nf3 d6 3. d4 cxd4 4. Nxd4 Nf6 5. Nc3 a6 6. Bg5 e6 7. f4 Qb6 8. Qd3
Qxb2 9. Rb1 Qa3 10. f5 Be7 11. fxe6 fxe6 12. Be2 Qa5 13. Bd2 Qc7 14. g4 h6 15.
Qh3 Nc6 16. Nxc6 Qxc6 17. O-O Nxe4 18. Nxe4 Qxe4 19. Bd3 Qd5 20. Bg6+ Kd8 21.
Rfd1 Bd7 22. Be3 Qc6 23. Rb6 Qc8 24. Rbxd6 Bf6 25. Bb6+ Ke7 26. Qa3 1-0